Responses for Show #385 - Friday, February 28, 1986

Lionel Goldbart game 1.

Contestants

[<< previous game]

Brooke Krauter, a lieutenant from Pacific Grove, California

Lionel Goldbart, a retired schoolteacher originally from Brooklyn, New York

Rick Passo, a recent MBA graduate originally from Indianapolis, Indiana (whose 1-day cash winnings total $10,600)

[next game >>]

Jeopardy! Round responses

20th CENTURY
FOOD
HOLLYWOOD
BASEBALL
EASY SCIENCE
(Alex: And a traditional Jeopardy! category...)
POTPOURRI
    $100 11
(Brooke: What is Japan?)

Germany

Brooke
Triple Stumper
    $100 3
a watermelon

Rick
    $100 18
(Alex: The lowest-paid was Toto.)

Judy Garland

Rick
    $100 8
America

Rick
    $100 1
salmonella

Rick
    $100 19
(Lionel: Who is Queen Elizabeth, or [*]?)
(Alex [*] at that time, yes.)

Princess Elizabeth

Lionel
    $200 12
a ballpoint pen

Rick
    $200 4
(Lionel: What is salt?)

potatoes

RickLionel
    $200 23
(Alex: Apparently there were a lot of conflicts with Mr. Edison over his patents, so if you got into trouble, south of the border you went.)

Mexico

Brooke
    $200 14
Yogi Berra

Lionel
    $200 2
northern lights (or aurora borealis)

Brooke
    $200 25
(Alex: We've got less than a minute to go in the round.)

Reader's Digest

Rick
    $300 20
5

Lionel
    $300 5
(Alex: If it's served the other way, she says it's disgusting and vulgar.)

fish

Brooke
    $300 24
the bathroom

Rick
    $300 15
(Alex: Yes, there were about 100,000 spectators for that one.)

Germany

Lionel
    $300 9
a meteor

Brooke
    $400 21
Margaret Thatcher

Brooke
    $400 6
sand

Rick
    $400 27
real tinsel

Rick
    $400 16
New York Yankees

Lionel
    $400 10
an ophthalmologist

Brooke
    $100 28
(Rick: Who is Ronnie Milsap?)
(Alex: Oh, no. Sorry about that. I'm glad--you'll be happy you only risked $100. [*] was the singer. That cost you $100, you're in third place with $2,000, and I have a feeling we're gonna--)
[The end-of-round signal plays.]
(Alex: --get a times up indicator any moment now. By golly, it's just about due. And there it was.)

Mike Nesmith

Rick
    $500 22
(Konstantin) Chernenko

Brooke
    $500 7
masticate

Lionel
    $500 17
(Lionel: I'll try HOLLYWOOD for $100.)
(Alex: Many people have.)

umpire

Lionel
    $500 13
the weather

Lionel
    $500 26
amber

Lionel

Scores at the first commercial break (after clue 13):

Rick Lionel Brooke
$1,100 $800 $1,100

Scores at the end of the Jeopardy! Round:

Rick Lionel Brooke
$2,000 $3,100 $2,200

Double Jeopardy! Round responses

ENGLISH LITERATURE
NEW YORK CITY
CAMPFIRE SONGS
SOCIAL STUDIES
RAW MATERIALS
"RH" FACTOR
(Alex: The initials R.H. will figure in all of the correct responses.)
    $200 5
Dr. Jekyll & Mr. Hyde

Brooke
    $200 10
(Alex: Weighed over 10 pounds, by the way.)

New York Times

Rick
    $200 21
(Alex: We've got about a minute to go in the round.)

a bale

Triple Stumper
    $200 11
deflation

Lionel
    $200 14
(Rick: What is fluff?)
(Brooke: What is [*] to?)

cotton

RickBrooke
    $200 16
a rhetorical question

Brooke
    $400 6
bowdlerizing

Lionel
    $400 12
(Lionel: Home town.)

Coney Island

Lionel
    $400 24
Brother John

Rick
    $400 1
a monopoly

Rick
    $400 15
stone

Lionel
    $400 17
Rhodes scholarship

Lionel
    $600 7
(Alex: Yes, Mary Shelley was her name.)

Frankenstein

Lionel
    $600 13
Columbia

Rick
    $600 2
capitalism

Rick
    $600 18
a rhyme

Lionel
    $800 8
his diary

Brooke
    $500 22
(Brooke: What is Albany?)

Buffalo

Brooke
    $800 3
Thomas Wolfe

Triple Stumper
    $800 26
[The end-of-round signal plays.]

suede

Brooke
    $800 19
rhombus

Brooke
    $1000 9
(Alex: Congratulations to all three of you for doing so well in that English category. It was tough!)

Dorothy L. Sayers

Brooke
    $1000 23
Greenwich Village

Lionel
    $1000 4
(Jean-Jacques) Rousseau

Brooke
    $1000 25
(Rick: What is tin?)

iron (or steel)

Rick
Triple Stumper
    $400 20
(Brooke: What is rhinusitis?)

rhinitis

Brooke

Scores at the end of the Double Jeopardy! Round:

Rick Lionel Brooke
$3,000 $7,100 $6,300

[wagering suggestions for these scores]

Final Jeopardy! Round responses

FAMOUS AMERICANS
RickWho was Henry Thoreau
$3,000
BrookeWho was Whittier
$3,300
LionelWho was H.D. Thoreau
$5,500
Henry David Thoreau

Final scores:

Rick Lionel Brooke
$6,000 $12,600 $3,000
2nd place: a weeklong trip to St. Thomas, U.S. Virgin Islands, with travel via Eastern Airlines New champion: $12,600 3rd place: a WhiteWestinghouse refrigerator/freezer

Game dynamics:

Coryat scores:

Rick Lionel Brooke
$3,100 $7,100 $7,200
15 R,
3 W
(including 1 DD)
17 R,
1 W
15 R,
3 W
(including 2 DDs)

Combined Coryat: $17,400

[game clues] [game scores] [suggest correction]

Game tape date: 1985-10-08
The J! Archive is created by fans, for fans. Scraping, republication, monetization, and malicious use prohibited; this site may use cookies and collect identifying information. See terms. The Jeopardy! game show and all elements thereof, including but not limited to copyright and trademark thereto, are the property of Jeopardy Productions, Inc. and are protected under law. This website is not affiliated with, sponsored by, or operated by Jeopardy Productions, Inc. Join the discussion at JBoard.tv.